Culture Générale - Série 1979 - Statistiques

Statistiques générales
  • Ce quiz a été pris 110 fois
  • Le résultat moyen est 4 sur 10
Statistiques - réponses
Question Réponse % Correct
De quelle ville française le "cannelé" ou "canelé" est-il la spécialité ? voir photo Bordeaux
85%
Quel mot anglais désigne la surface de jeu d'un golfeur ? green
83%
Quelle est la capitale administrative de l'Afrique du Sud ? Pretoria
71%
Route construite en périphérie des villes et permettant d’effectuer rapidement un trajet sans passer par le centre-ville. rocade
53%
Audience d'un média audimat
52%
De quel pays le lev ou leva est-il l'unité monétaire ? Bulgarie
50%
Dans la mythologie grecque, quelle est la muse des la danse ? Terpsichore
10%
Ce mot désigne un tissu et une commune du Calvados. crépon
3%
La jacinthe à grappes est une plante ornementale rustique originaire de la Turquie et du Caucase, connue sous le nom de .... muscari
3%
Couper, tailler (un arbuste) près de terre pour faire venir des pousses plus fortes recéper
1%
Aucun quiz correspondant
Distribution des résultats
% des personnes avec chaque résultat
Percentile par nombre de réponses
Votre historique - résultats
Vous n’avez pas pris ce quiz